000 01229nam a2200229Ia 4500
001 L235-10644
003 IT-CnALBA
008 170116s9999||||xx |||||||||||||| ||und||
040 _aIT-CnALBA
_cIT-CnALBA
041 _aITALIANO
100 _aPALMER GRETTA
245 0 _aPARTIGIANI DI DIO. LE AVVENTURE DI PADRE GIORGIO NELL'URSS.
250 _a2a ed.
260 _aMILANO
_bGARZANTI ALDO EDITORE
_c1953 [1° Ed.:1953 - Ed.Ling.Originale: 1953]
300 _a242 p.
500 _aTRADUZIONE DALL'INGLESE DI RIZZINI D. SOVIET E PACE A DIO. ATTIVITÀ DELLA GIOVENTÙ CRISTIANA. PADRE GIORGIO. TOLLERANZA NELL'ARMATA ROSSA. NAZISTI E CONQUISTA DELLA RUSSIA. MOVIMENTO CLANDESTINO. TRAVESTIMENTO. VIAGGIO. RESISTENZA NON CRISTIANA. RESISTENZ
501 _aSocietà San Paolo EM - Piazza San Paolo, 14 - 12051 ALBA (CN) (non commercial uses only) ® Copyright 2017
520 _aTRADUZIONE DALL'INGLESE DI RIZZINI D. SOVIET E PACE A DIO. ATTIVITÀ DELLA GIOVENTÙ CRISTIANA. PADRE GIORGIO. TOLLERANZA NELL'ARMATA ROSSA. NAZISTI E CONQUISTA DELLA RUSSIA. MOVIMENTO CLANDESTINO. TRAVESTIMENTO. VIAGGIO. RESISTENZA NON CRISTIANA. RESISTENZ
650 _aMARIA SS. ANGELI SANTI DEMONI
942 _cBK
957 _71
999 _a15397
_bNO
_g Copie: 1
_c269821
_d269821